01152nam a2200313Ia 450000500170000000800410001702000150005810000320007324500990010525000180020430000570022249000260027952100500030565000520035565000520040765000360045965000350049565000370053070000340056770000360060194200150063726400370065233600270068933700330071633800280074904000350077708400110081299900150082320220317001408.0161108s2005 ag a g 000 0 spa  a95007266961 aMachado, Ana Maríad1941-10aYeca, el tatúcAna María Machado ; traducciónbAna María Shua ; ilustraciones:bIstvan a2a. edición a57 páginasbilustraciones en blanco y negroc20 cm aPan flautapaventuras aRecomendado para niños a partir de 6 años142LEMBaCuentos infantiles brasileñosySiglo XX142LEMBaLiteratura infantil brasileñaySiglo XX142LEMBaAnimales en la literatura142LEMB aOvejas en la literatura142LEMBaAventuras en la literatura1 aDíaz Prieto, Mariano9720551 aShua, Ana Maríad1951-913117 2loccBKLIT aBuenos AiresbSudamericanac2005 atextobtxt2rdacontent asin mediaciónbn2rdamedia avolumenbnc2rdacarrier aCO-BoRNBPbspaerdacCO-BoRNBP aC MAC2 c6841d6841